| 000 | 00974nam a2200229 a 4500 | ||
|---|---|---|---|
| 001 | 48442 | ||
| 003 | BD-RjUL | ||
| 005 | 20211209054527.0 | ||
| 008 | 160814s1994 bg |||| ||| 000 0 ben d | ||
| 020 |
_a9840731491 _c: Tk. 60.00 |
||
| 035 | _a(BD-RjUL)48561 | ||
| 040 |
_aBD-RjUL _bben _cBD-RjUL _dBD-RjUL |
||
| 041 | _aben | ||
| 082 |
_223 _a891.4409 _bMUH 1994 |
||
| 245 | 1 | 0 |
_aমোহাম্মদী পত্রিকায় মুসলিম সমাজ / _cদিলওয়ার হোসেন সংগ্রহ ও সম্পাদনা |
| 260 |
_aঢাকা : _bবাংলা একাডেমী, _c১৯৯৪ [১৮০১] |
||
| 300 |
_a১২৯ পৃ. ; _c২১ সেমি. |
||
| 650 |
_aবাংলা সাহিত্য _xইতিহাস ও সমালোচনা _9146511 |
||
| 650 |
_aBengali Literature _xHistory and criticism _9146512 |
||
| 700 |
_aহোসেন, দিলওয়ার _9118493 |
||
| 942 |
_2ddc _cBK |
||
| 999 |
_c48442 _d48442 |
||